| 000 | 00829nas a2200265 4500 | ||
|---|---|---|---|
| 001 | BR0603618 | ||
| 003 | BR-BrBNA | ||
| 005 | 20231205110237.0 | ||
| 007 | ta | ||
| 008 | 230509b bl.|||p| |||| 00| 00por d | ||
| 040 |
_aBR-BrBNA _bpor _cBiblioteca Nacional de Agricultura |
||
| 041 | _a(Pt) | ||
| 072 | _aF02 | ||
| 100 | 1 | _aBlumer, S. | |
| 100 | 1 | _aPompeu Júnior, J. | |
| 245 | 1 | _aAvaliação de citrandarins e outros híbridos de trifoliata como porta-enxertos para citros em São Paulo | |
| 650 | _aLARANJA VALÊNCIA | ||
| 650 | _aFRUTA CÍTRICA | ||
| 650 | _aHÍBRIDO | ||
| 650 | _aPORTA ENXERTO | ||
| 650 | _aSÃO PAULO | ||
| 773 | 0 |
_tRevista Brasileira de Fruticultura (Brazil) _xISSN 0100-2945 _g(Aug 2005), v. 27(2) p. 264-267 _wBR0603618 |
|
| 909 |
_a202311 _bLúcia _c55 _dLúcia Elande |
||
| 942 |
_2AGRIS _n0 _cANA |
||
| 999 |
_c186658 _d186658 |
||